000 01252nam a22002177a 4500
003 JO-AjAnu
005 20250310095120.0
008 250308b jo ||||| |||| 00| 0 ara d
040 _aJO-AjAnu
_bara
_cJO-AjAnu
_dJO-AjAnu
_erda
041 _aara
_hara
050 _aHF5686
_b2025
100 1 _aالصمادي،محمد وائل محمد
_eمعد
_966468
245 0 _aتأثير ذكاء الأعمال على احتساب التكاليف في الشركات الصناعية في الأردن = The Impact of Business Intelligence on Cost Calculation in Industrial Companies in Jordan /
_cاعداد محمد وائل محمد الصمادي؛ اشراف احمد ابراهيم كراجة، خالد محمد الذيابات
260 _c2025
300 _a107 ورقة
504 _aرسالة جامعية(رسالة ماجستير في المحاسبة)- جامعة عجلون الوطنية،(عجلون،الاردن)- كلية الاعمال، قسم المحاسبة، 2025.
650 0 _aالمحاسبلة المالية - محاسبة التكاليف
_929863
700 1 _aكراجة، احمد ابراهيم.
_eمشرف
_965236
700 1 _aالذيابات، خالد محمد
_eمشرف مساعد
_965563
942 _2lcc
_cTHS
_n0
999 _c33874
_d33874